000 00694nam a2200253 a 4500
001 156348
003 OSt
005 20211001172925.0
008 180829 ### HIN
020 _a9788181289049
082 _a515.625
_bE14I
100 _aElaydi, Saber
245 _aAn introduction to difference equations
_cby Saber Elaydi
250 _a3rd ed.
260 _aNew Delhi
_bSpringer
_c2008
300 _axxii, 539p.
490 _aUndergraduate texts in mathematics
653 _aDifference equations
653 _aGlobal analysis (Mathematics)
653 _aMathematics
653 _aMathematical optimization
653 _aFunctional equations
942 _2ddc
_cBK
999 _c18761
_d18761